000 00308nam a2200133Ia 4500
008 191201s2007 xx 000 0 und d
100 _aRENDER, Barry
245 0 _aQuantitative Analysis for Management
250 _a9th
260 _aN.Delhi
_bPHI
_c2007
300 _a631
650 _aMBA
942 _2ddc
_cBK
999 _c3010
_d3010